000
00335 a2200109 4500
001
ART_37577
005
20260410161628.0
008
260409a
245
1
0
_a
Apuntes sobre la persona jurídica en el Código Civil y Comercial
100
1
_a
Junyent Bas, Francisco
773
0
_t
Enfoques
_g
- Nº 4 (abr. 2016)
_w
REV416
999
_c
12153
_d
12153